Le théâtre moral (Record no. 154759)

MARC details
000 -LEADER
campo de control de longitud fija 00766nam a2200181 i 4500
001 - NÚMERO DE CONTROL
campo de control 154759
003 - IDENTIFICADOR DE NÚMERO DE CONTROL
campo de control ES-MaACL
005 - FECHA Y HORA DE LA ÚLTIMA TRANSACCIÓN
campo de control 20230906205837.0
008 - DATOS DE LONGITUD FIJA--INFORMACIÓN GENERAL
campo de control de longitud fija 040708s1874 fr |||| | fre d
040 ## - FUENTE DE CATALOGACIÓN
Centro catalogador/agencia de origen CAM
Lengua de catalogación spa
Centro/agencia transcriptor CAM
100 1# - ENTRADA PRINCIPAL--NOMBRE DE PERSONA
Nombre de persona Grangé, Eugène.
9 (RLIN) 59632
245 13 - MENCIÓN DEL TÍTULO
Título Le théâtre moral
Resto del título : actualité en trois tableaux /
Mención de responsabilidad, etc. par Eugène Grangé & Victor Bernard.
260 ## - PUBLICACIÓN, DISTRIBUCIÓN, ETC.
Lugar de publicación, distribución, etc. Paris :
Nombre del editor, distribuidor, etc. Michel Lévy Frères,
Fecha de publicación, distribución, etc. 1874 (
Lugar de fabricación/manufactura Poissy :
Fabricante Typ. S. Lejay et Cie.)
300 ## - DESCRIPCIÓN FÍSICA
Extensión 32 p. ;
Dimensiones 20 cm.
500 ## - NOTA GENERAL
Nota general En antep. consta: Representé pour la première fois, a Paris, sur le Teatre des Varietés, le 4 septembre 1874.
700 11 - ENTRADA AGREGADA--NOMBRE PERSONAL
Nombre de persona Bernard, Victor.
9 (RLIN) 28260
852 ## - LOCALIZACIÓN
Ubicación ES-MaACL
Número de control de estantería T-733-F-6
Nota libre -- Enc. hol. conservando la enc. original
-- -- Enc. en un vol. facticio
Holdings
Estatus retirado Estado de pérdida Estado de daño No para préstamo Colección Biblioteca de origen Biblioteca actual Ubicación en estantería Fecha de adquisición Total de préstamos Signatura topográfica completa Código de barras Visto por última vez Precio de reemplazo Tipo de ítem Koha
        Colección de folletos Biblioteca del Ateneo de Madrid Biblioteca del Ateneo de Madrid Depósito folletos 17/01/2008   T-733-F-6 1161869 23/02/2023 23/02/2023 Folleto